00361nam a2200109Ia 4500008004100000082000800041100003400049245004800083942000600131952009900137999001500236240331s9999 xx 000 0 und d bJOU aCarfax Publishing Company. ed 0aJournal of genderstudies :bVol.4 No.3-1995 cL 001040708LaWERCLbWERCLcSSCd2024-03-31l0o 305.407 JOUp5437r2024-03-31w2024-03-31yL c1819d1819